00305nam a2200133Ia 45000030006000000080041000060400015000471000014000622450028000762600034001043000006001385460010001440050017001540STCL150530s9999 xx 000 0 und d aSTCLcSTCL aVallathol aSahitya Manjeri Part II bMangalodayam ; Thrissurc1930 a0 aHindi20220125170721.0